000 00729nam a2200205Ii 4500
003 JO-AjNU
008 230605s9999||||xx |||||||||||||| ||und||
017 _a2002/6/1398
040 _aJO-AjNU
_bara
_erda
_cJO-AjNU
041 _aara
050 1 4 _aQA76.16.Q26 2002
100 3 _aقندلجي ، عامر ابراهيم ,
_eauthor
_946469
245 0 0 _aتكنولوجيا المعلومات وتطبيقاتها
264 3 1 _aعمان ، مؤسسة الوراق للنشر ،2002
300 _a496ص
336 _atext
_btxt
_2rdacontent
337 _aunmediated
_bn
_2rdamedia
338 _avolume
_bnc
_2rdacarrier
650 4 _aتكنولوجيا المعلومات -علم الحاسوب-علم المعلومات
_946470
999 _aA20218
_c23786
_d23786